Statistics for Capital Cities by Cartoon Riddles

Click here to take the quiz!

General Stats

  • This quiz has been taken 55,282 times
  • The average score is 7 of 12

Answers on the Map

Answers color-coded by a green-red scale on the quiz's map according to % correct below.
 

Answer Stats

ExplanationCapital City% Correct
Koala-Lump-PawKuala
Lumpur
71%
SoleSeoul
70%
Brussels (Sprouts)Brussels
66%
Hell-Sink-KeyHelsinki
66%
Key-Toe/Toe-Key-OQuito/
Tokyo
66%
Bang-CockBangkok
58%
Bag-DadBaghdad
53%
Bell-GradeBelgrade
51%
War-SawWarsaw
50%
(H)amster-DamAmsterdam
46%
Car-(Ma)racasCaracas
40%
Moss-CowMoscow
37%

Score Distribution

Percentile by Number Answered

Percent of People with Each Score

Your Score History

You have not taken this quiz